Les villes françaises et le sport (culture générale) - Statistiques

Statistiques générales
  • Ce quiz a été pris 131 fois
  • Le résultat moyen est 10 sur 20
Statistiques - réponses
Événement sportif Ville % Correct
Ville proche de Lille, célèbre par être l'arrivée d'une course cycliste avec de fameux secteurs pavés. Roubaix
94%
Grande ville qui accueille les Internationaux de France de Tennis. Paris
93%
Ville dont le club de rugby a gagné vingt-quatre fois le Top 14. Toulouse
92%
Ville des Pays de la Loire, qui accueille chaque année une célèbre course d’endurance automobile. Le Mans
85%
Son club de football a remporté de nombreux titres de champions de France dans les années 60-70. Saint-Étienne
84%
Ville de banlieue parisienne où se trouve le Stade de France Saint-Denis
76%
Ville savoyarde, hôte des JO d'hiver en 1992. Albertville
68%
Ville de l'ASVEL, club de basket ayant remporté vingt-et-un titres de champion de France. Lyon
54%
Connue notamment pour être la capitale du surf en France. Biarritz
50%
Ville connu pour être le départ et l'arrivée du Vendée Globe. Les Sables-d'Olonne
47%
Ville du centre de la France, ayant accueilli les épreuves de tir lors des JO 2024. Châteauroux
45%
Point de départ de la Route du Rhum, course transatlantique en solitaire. Saint-Malo
39%
Ville natale de Teddy Rinner, onze fois champion du monde de judo, située dans les Antilles Pointe-à-Pitre
37%
Ville de l'Oise, où se court au mois de juin le Prix de Diane, une course hippique d'une distance de 2 100 mètres, qui sacre la meilleure pouliche de 3 ans. Chantilly
29%
Étrangement, c'est cette ville du Grand Est qui est la deuxième ville de France à posséder le plus de boulodromes en France. Reims
29%
Son club de volley a gagné quatre titres consécutifs de champion de France entre 2012 et 2015. Tours
25%
Son club est le plus titré de France en water-polo Marseille
24%
Petite ville des Hautes-Alpes qui accueille un triathlon très longue distance, réputé comme l'un des plus difficile du monde. Embrun
13%
Petite ville de l'Essonne ayant accueilli le premier départ du Tour de France en 1903. Montgeron
4%
Cette ville a reçu le trophée « Ville sportive Handisport » en 2023, après avoir accueilli trois championnats de France Handisport (futsal, boccia, basket fauteuil U21/U25). Orléans
3%
Aucun quiz correspondant
Distribution des résultats
% des personnes avec chaque résultat
Percentile par nombre de réponses
Votre historique - résultats
Vous n’avez pas pris ce quiz